Participantes da Série C 2021 - Statistics

Estatísticas Gerais
  • Esse quiz foi jogado 49 vezes
  • A pontuação média é 15 de 20
Estatísticas das Respostas
Estado Grupo Time % Correto
Paraná Paraná
94%
Pará Paysandu
92%
Pernambuco Santa Cruz
89%
Santa Catarina Figueirense
83%
Rio de Janeiro Volta Redonda
83%
Ceará Ferroviário
81%
Paraíba Botafogo-PB
78%
Amazonas Manaus
78%
Santa Catarina Criciúma
75%
São Paulo Mirassol
75%
Minas Gerais Tombense
75%
São Paulo Ituano
69%
São Paulo Novorizontino
69%
São Paulo Oeste
67%
Rio Grande do Sul São José-RS
67%
Piauí Grupo A Altos
64%
São Paulo Grupo B Botafogo-SP
56%
Ceará Floresta
56%
Bahia Jacuipense
56%
Rio Grande do Sul Ypiranga-RS
50%
Nenhum quiz correspondente encontrado
Distribuição das Pontuações
Porcentagem de Pessoas com Cada Pontuação
Percentil de Números Respondidos
Sua Pontuação Histórica
Você não jogou esse quiz